Państwa po flagach graniczących państw #2 - Statystyki

Ogólne statystyki
  • Ten quiz został rozwiązany 18 971 razy
  • Średni wynik to 13 z 20
Statystyki odpowiedzi
Flagi Państwo % Poprawnych
Portugalia
100%
Estonia
83%
Korea Południowa
82%
Watykan | San Marino
81%
Mołdawia
78%
Finlandia
75%
Liechtenstein
75%
Monako
73%
Luksemburg
71%
Bhutan | Nepal
63%
Maroko
63%
Meksyk
62%
Chile
60%
Jemen | Zjednoczone Emiraty Arabskie
60%
Pakistan
59%
Surinam
56%
Papua-Nowa Gwinea | Timor Wschodni
54%
Wietnam
51%
Dominikana
48%
Burundi
30%
Nie znaleziono quizów pasujących do podanych kryteriów
Rozkład punktacji
Procent ludzi z każdym wynikiem
Percentyl według liczby udzielonych odpowiedzi
Twoja historia wyników
Nie rozwiązałeś tego quizu